000
00270nam a22001217a 4500
008
140207t xxu||||| |||| 00| 0 eng d
020
_a
0-07-059396-5
100
_a
Paul B. Horton
_9
688
245
_a
Sociology
250
_a
sixth edition
300
_a
635
942
_2
ddc
_c
BK
999
_c
16947
_d
16947